Ramanujan : the man and the mathematician
Αποθηκεύτηκε σε:
| Κύριος συγγραφέας: | |
|---|---|
| Μορφή: | Βιβλίο |
| Γλώσσα: | English |
| Δημοσίευση: |
London :
Asia Publishing House,
1967
|
| Σειρά: | Great thinkers of India series ;
; 1 |
| Θέματα: | |
| Ετικέτες: |
Προσθήκη ετικέτας
Δεν υπάρχουν, Καταχωρήστε ετικέτα πρώτοι!
|
MARC
| LEADER | 00000cam a2200000 i 4500 | ||
|---|---|---|---|
| 001 | 1/94190 | ||
| 008 | 080919s1967 eng d | ||
| 035 | |l 10100286 | ||
| 040 | |a GR-MY-UA |b gre |e aacr | ||
| 041 | 0 | |a eng | |
| 082 | 0 | |a 510.92 |2 (22) | |
| 100 | 1 | |a Ranganathan, S. R. |q (Shiyali Ramamrita), |d 1892-1972. | |
| 245 | 1 | 0 | |a Ramanujan : |b the man and the mathematician / |c S. R. Ranganathan |
| 260 | |a London : |b Asia Publishing House, |c 1967 | ||
| 300 | |a 138 σ.; |b 6 πιν., εικ., πορτρ.; |c 23 εκ. | ||
| 490 | 1 | |a Great thinkers of India series |v ; 1 | |
| 504 | |a Περιέχει ευρετήριο. | ||
| 600 | 1 | 0 | |a Ramanujan Aiyangar, Srinivasa, |c 1887-1920. |
| 830 | 0 | |a Great thinkers of India series ; |v ; 1 | |
| 852 | |a INST |b SAMOS |c MAG |e 20080919 |h 510.92 RAN |p 005300029973 |q 005300029973 |t BK |y 0 | ||
| 901 | |a BIBL3-2008-3 | ||
| 909 | |a Σ |b 134786 | ||
| 970 | |a ΣΙΤΖΙΜΗ |b ΓΙΑΣΕΜΗ |z 2008/09/19 | ||